| 000 -LEADER |
| fixed length control field |
00948nam a2200277Ia 4500 |
| 001 - CONTROL NUMBER |
| control field |
20689 |
| 003 - CONTROL NUMBER IDENTIFIER |
| control field |
GE_BSU |
| 005 - DATE AND TIME OF LATEST TRANSACTION |
| control field |
20210304233328.0 |
| 008 - FIXED-LENGTH DATA ELEMENTS--GENERAL INFORMATION |
| fixed length control field |
181216s2005||||xx |||||||||||||| ||eng|| |
| 020 ## - INTERNATIONAL STANDARD BOOK NUMBER |
| International Standard Book Number |
9781588293008 |
| 040 ## - CATALOGING SOURCE |
| Transcribing agency |
GE_BSU |
| 041 ## - LANGUAGE CODE |
| Language code of text/sound track or separate title |
eng |
| 080 ## - UNIVERSAL DECIMAL CLASSIFICATION NUMBER |
| Universal Decimal Classification number |
616.07 T-44 |
| 245 #4 - TITLE STATEMENT |
| Title |
The Principles of Clinical Cytogenetics / |
| Statement of responsibility, etc. |
Edited by Steven L. Gersen and Martha B. Keagle |
| 250 ## - EDITION STATEMENT |
| Edition statement |
Second edition |
| 264 ## - PRODUCTION, PUBLICATION, DISTRIBUTION, MANUFACTURE, AND COPYRIGHT NOTICE |
| Place of production, publication, distribution, manufacture |
New Jersey : |
| Name of producer, publisher, distributor, manufacturer |
Humana Press, |
| Date of production, publication, distribution, manufacture, or copyright notice |
2005. |
| 300 ## - PHYSICAL DESCRIPTION |
| Extent |
596 p.: |
| Other physical details |
ill. +1Cd ; |
| Dimensions |
28 cm. |
| 653 ## - INDEX TERM--UNCONTROLLED |
| keyword |
The Principles of Clinical Cytogenetics |
| 653 ## - INDEX TERM--UNCONTROLLED |
| keyword |
Принципы клинической цитогенетики |
| 653 ## - INDEX TERM--UNCONTROLLED |
| keyword |
კლინიკური ციტოგენეტიკის პრინციპები |
| 653 ## - INDEX TERM--UNCONTROLLED |
| keyword |
მედიცინა |
| 700 ## - ADDED ENTRY--PERSONAL NAME |
| Personal name |
Gersen, Steven L. |
| 9 (RLIN) |
10337 |
| 700 ## - ADDED ENTRY--PERSONAL NAME |
| Personal name |
Keagle, Martha B. |
| Relator term |
Edited by |
| 9 (RLIN) |
10338 |
| 942 ## - ADDED ENTRY ELEMENTS (KOHA) |
| Koha item type |
წიგნი |
| Source of classification or shelving scheme |
|